Η πρώτη μακροχρόνια ελληνοτουρκική διένεξη : το ζήτημα της εθνικότητας, 1830-1869
Αποθηκεύτηκε σε:
| Κύριος συγγραφέας: | |
|---|---|
| Μορφή: | Βιβλίο |
| Γλώσσα: | Greek |
| Δημοσίευση: |
Αθήνα :
Καστανιώτης,
1996.
|
| Ετικέτες: |
Προσθήκη ετικέτας
Δεν υπάρχουν, Καταχωρήστε ετικέτα πρώτοι!
|
MARC
| LEADER | 00000cam a2200000 i 4500 | ||
|---|---|---|---|
| 001 | 1/71970 | ||
| 008 | 980529s1996 gr | ||| |||| ||gre|| | ||
| 020 | |a 9600316317 | ||
| 035 | |l 10031109 | ||
| 040 | |a GR-MY-UA |b gre |e aacr | ||
| 041 | 0 | |a gre | |
| 082 | 7 | |a 327.4950561 |2 (22) | |
| 100 | 1 | |a Γεωργής, Γιώργος, |d 1946- | |
| 245 | 1 | 2 | |a Η πρώτη μακροχρόνια ελληνοτουρκική διένεξη : |b το ζήτημα της εθνικότητας, 1830-1869 / |c Γεώργος Γεωργής. |
| 260 | |a Αθήνα : |b Καστανιώτης, |c 1996. | ||
| 300 | |a 321 σ. ; |c 24 εκ. | ||
| 852 | |a INST |b LESVOS |e 19990223 |h 327.4950561 ΓΕΩ |p 005100017800 |q 005100017800 |t BK |y 0 | ||
| 852 | |a INST |b RHODES |e 19980529 |h 327.4950561 ΓΕΩ |p 005400006528 |q 005400006528 |t BK |y 0 | ||
| 901 | |a BIBL-1998-2 | ||
| 909 | |a Λ |b 056372 | ||
| 909 | |a Ρ |b 053281 | ||
| 922 | |a 4ΕΛΗ |b 199801 |c ΚΠΣ/ΔΕ |d EMVASIS | ||